Ultimate Geography Quiz Series - Level 5/10 - Statistics

General Stats
  • This quiz has been taken 72 times
  • The average score is 11 of 20
Answer Stats
Hint Answer % Correct
What is the capital of the largest island by area? Nuuk
82%
Thunder Bay is located in what country? Other cities in the country include Medicine Hat and Yellowknife. Canada
80%
What African country has a depiction of a Kalashnikov rifle on its national flag? Mozambique
77%
The African city of Ceuta is located in what country? Spain
74%
Besides Aruba and Bonaire, what other island is part of the ABC islands? Curaçao
73%
What country has cities called Comodoro Rivadavia, General Pico and Coronel Suárez? Argentina
68%
Tamanrasset is an oasis city in what Arabic-speaking country? Algeria
62%
Kaohsiung is located on what island? Other cities on the island include Taoyuan and Taichung. Taiwan
62%
What is the capital city of Tuvalu? Funafuti
59%
What is the largest city in the ceremonial county of Merseyside? Liverpool
55%
Puerto Ayacucho, named after a battle that took place near the Peruvian city of Ayacucho, is located in what country? Venezuela
55%
Santiago de los Caballeros is a major city in what Spanish-speaking country? Dominican Republic
53%
Established in 1915, Jervis Bay Territory is an internal territory of what country? Australia
52%
What African Great Lake is also known as Lake Nyasa or Lake Niassa? Lake Malawi
52%
The Alhambra is located in what city of the Iberian Peninsula? Granada
45%
What is the highest mountain on Earth, measured from its bottom to its top? Mauna Kea
39%
Gondar (or Gonder) is located in the north of what African country? Ethiopia
36%
The largest city named "Springfield" in the United States is located in what state? Its state bird is the eastern bluebird. Missouri
36%
What Indian city is known as the Pink City? Jaipur
27%
Multan is a large city in what country? Pakistan
24%
No matching quizzes found
Score Distribution
Percent of People with Each Score
Percentile by Number Answered
Your Score History
You have not taken this quiz